| 000 | 00374nam a22001337a 4500 | ||
|---|---|---|---|
| 008 | 131210b xxu||||| |||| 00| 0 eng d | ||
| 050 | _aBS325.M2 1994 | ||
| 100 |
_aBSZ _95373 |
||
| 245 |
_aLivulu lya shukulu Kalunga _cBSZ |
||
| 260 |
_aLusaka _bThe Bible Society of Zambia _c1994 |
||
| 300 |
_avi, 392p.; _b22cm. |
||
| 650 |
_aBible _xMbunda _95374 |
||
| 942 |
_2lcc _cMONOGRAPH |
||
| 999 |
_c119149 _d119149 |
||